000 00472nam a22001817a 4500
005 20251108172549.0
008 250721s9999 xx 000 0 ara d
082 1 4 _a398.6م
100 1 _aعطيات، أحمد
245 1 0 _aموسوعة الألغاز والأمثال والأوائل /
264 1 _aعمان :
300 _a120 ص
650 1 7 _aالفلكلور
650 1 7 _aالألغاز
650 1 7 _aالأمثال
942 _2ddc
_cBK
999 _c82633
_d82633